عرض عادي
عرض مارك
- Cross, Michael,
مدخل إسم شخص
001 - رقم الضبط
- حقل الضبط: 49959
003 - معرف رقم الضبط
- حقل الضبط: OSt
005 - تاريخ ووقت أخر عملية
- حقل الضبط: 20150729232524.0
008 - عناصر بيانات ثابتة الطول
- حقل تحكم ثابت الطول: 150729|| aca||aabn | a|a d
040 ## - مصدر الفهرسة
- هيئة الفهرسة الأصلية: OSt
- وكالة الكتابة: OSt
100 ## - مدخل -- أسم شخص
- إسم شخص: Cross, Michael,
- تواريخ مرتبطة بالاسم: 1965-
670 ## - بيانات المصدر موجوده
- الاستشهاد بالمصدر: Work cat.: (OSt)0: Cross, Michael, 1965-, Social media security :, 2013.
